000 00751cam a22002411 4500
001 ca 36001664
003 DLC
005 20260227111144.0
008 890714s1932 ohu 000 0 eng
010 _aca 36001664
035 _a(OCoLC)20008484
040 _aDLC
_cRPB
_dRPB
_dDLC
042 _apremarc
050 0 0 _aPN6120
_b.T43
082 _a812.5
100 1 _aThomas, Gertrude I.
_q(Gertrude Ida),
_d1889-
245 1 4 _aThe reign of Mrs. Buffet,
_cby Gail White [pseud.] A clever club comedy for seven women ...
260 _aFranklin, O.,
_aDenver, Colo.,
_bEldridge Entertainment House, Inc.,
_cc1932.
300 _a25 p.
_c19 cm.
490 0 _aEldridge plays for girls and women
650 0 _aWomen
_vDrama.
655 7 _aComedies.
_2gsafd
999 _c18343
_d18343